Economic development and Islamic finance (Record no. 32711)
[ view plain ]
| 000 -LEADER | |
|---|---|
| fixed length control field | 01264nam a2200325Ia 4500 |
| 082 04 - DEWEY DECIMAL CLASSIFICATION NUMBER | |
| Classification number | 332.0917/67 |
| 245 00 - TITLE STATEMENT | |
| Title | Economic development and Islamic finance |
| 260 ## - PUBLICATION, DISTRIBUTION, ETC. (IMPRINT) | |
| Place of publication | Washington, DC : |
| Name of publisher | World Bank Group, |
| Year of publication | c2013. |
| 300 ## - PHYSICAL DESCRIPTION | |
| Number of Pages | xxi, 348 p. : |
| Other physical details | ill. (some col.) |
| 650 #0 - SUBJECT ADDED ENTRY--TOPICAL TERM | |
| Topical Term | Finance |
| Topical Term | Finance |
| Topical Term | Economic development |
| 700 1# - ADDED ENTRY--PERSONAL NAME | |
| Personal name | Iqbal, Zamir. |
| Personal name | Mirakhor, Abbas. |
| 856 40 - ELECTRONIC LOCATION AND ACCESS | |
| Uniform Resource Identifier | http://site.ebrary.com/lib/rucke/Doc?id=10745131 |
No items available.
